| 000 | 00966nam a2200241 a 4500 | ||
|---|---|---|---|
| 001 | 000034997 | ||
| 005 | 20250526110105.0 | ||
| 008 | 111024s1959 ug 000 0 spa d | ||
| 040 |
_aDO-SdBNP _bspa _cBNPHU |
||
| 082 |
_a152.4 _bI116p |
||
| 100 | 1 |
_aIakobson, P. _960606 |
|
| 245 | 1 | 0 |
_aPsicología de los sentimientos / _cP. Iakobson ; [traducción directa de la segunda edición rusa, por Lydia Kuper de Velasco. |
| 260 |
_aMontevideo : _bPueblos Unidos, _c1959. |
||
| 300 |
_a440 p. : _bil., retrs. ; _c20 cm. |
||
| 500 | _aIncluye referencias bibliográficas y notas al pie de las páginas | ||
| 500 | _aPublicación del Instituto de Psicología de la Academia de Ciencias de la R. S. F. S. R. | ||
| 590 | _aPerteneció a la biblioteca personal de Juan Isidro Jimenes Grullón | ||
| 650 | 0 |
_aPsicología _9152 |
|
| 650 | 0 |
_aEmociones _9156 |
|
| 700 | 1 | 2 |
_aKuper de Velasco, Lydia _etr. _960607 |
| 910 | _aValidado. Control de calidad MFF | ||
| 049 | _aBNGR | ||
| 999 |
_c34488 _d34488 |
||